Προγραμματισμός σε Περιβάλλον Παραθύρων Windows 98/NT / Εισαγωγή στη Μικροπληροφορική Windows 98/NT DOS ++ (Για MS Windows) (Record no. 5158)
[ view plain ]
| 000 -LEADER | |
|---|---|
| fixed length control field | 01227cam a22001934a 4500 |
| 005 - ΗΜΕΡΟΜΗΝΙΑ ΚΑΙ ΩΡΑ ΤΕΛΕΥΤΑΙΑΣ ΕΝΗΜΕΡΩΣΗΣ | |
| Πεδίο ελέγχου | 20250605164205.0 |
| 008 - FIXED-LENGTH DATA ELEMENTS--GENERAL INFORMATION | |
| Πεδίο ελέγχου σταθερού μήκους | 250528s ||||||||||||||||||||||||d |
| 035 ## - SYSTEM CONTROL NUMBER | |
| System control number | 19916 |
| 020 ## - ISBN | |
| ISBN | 9603512591 |
| 040 ## - ΠΗΓΗ ΚΑΤΑΛΟΓΟΓΡΑΦΗΣΗΣ | |
| Φορέας πρωτότυπης καταλογογράφησης | MC Athens Campus Library |
| Γλώσσα καταλογογράφησης | Ελληνικά, Μοντέρνα (1453-) |
| Modifying agency | MC Athens Campus Library |
| Κανόνες περιγραφικής καταλογογράφησης | AACR2 |
| 245 1# - ΤΙΤΛΟΣ ΚΑΙ ΔΗΛΩΣΗ ΥΠΕΥΘΥΝΟΤΗΤΑΣ | |
| Τίτλος | Προγραμματισμός σε Περιβάλλον Παραθύρων Windows 98/NT / Εισαγωγή στη Μικροπληροφορική Windows 98/NT DOS ++ (Για MS Windows) |
| 260 ## - PUBLICATION, DISTRIBUTION, ETC. | |
| Name of publisher, distributor, etc. | Α.Σταμουλης, |
| Date of publication, distribution, etc. | 1999 |
| 300 ## - PHYSICAL DESCRIPTION | |
| Extent | 360 |
| 520 ## - SUMMARY, ETC. | |
| Summary, etc. | Ένα εισαγωγικό βιβλίο στη Μικροπληροφορική, δηλαδή στην τεχνολογία των Μικροϋπολογιστών και του βασικού περιβάλλοντος εργασίας τους, τα Windows 98. Εισαγωγή στη Πληροφορική, Βασικά συστατικά παραθύρων, Εκτέλεση προγραμμάτων, Explorer και Επεξεργασία Αρχείων, Δίκτυα και Διαδίκτυα και Παράθυρα, Ειδικά Θέματα. |
| 700 1# - ΠΡΟΣΘΕΤΗ ΑΝΑΓΡΑΦΗ--ΦΥΣΙΚΟ ΠΡΟΣΩΠΟ | |
| Personal name | Παναγιωτόπουλος Ιωάννης Χρήστος Π |
| 9 (RLIN) | 6062 |
| 942 ## - ADDED ENTRY ELEMENTS (KOHA) | |
| Koha item type | Books |
| Τύπος τεκμηρίου | Βιβλιοθήκη | Τρέχουσα τοποθεσία | Barcode | Αριθμός εισαγωγής | Ημερομηνία απόκτησης | Ταξιθετικό σύμβολο | Αριθμός αντιτύπου | Κατάσταση απόσυρσης | Κατάσταση χαμένου | Κατάσταση κατεστραμμένου | Μη δανεισμός | Σύνολο δανεισμών | Ημερομηνία τελευταίας εμφάνισης | Η τιμή ισχύει από |
|---|---|---|---|---|---|---|---|---|---|---|---|---|---|---|
| Books | MC Athens Campus Library | MC Athens Campus Library | 9780000051578 | 6122 | 05/06/2025 | 005.4469 PAP | 1 | 05/06/2025 | 05/06/2025 |